| 000 | 00911cab a2200241 4500 | ||
|---|---|---|---|
| 001 | ABS51183 | ||
| 008 | 090401t1994 xxu||||| |||| 00| 0 eng d | ||
| 035 | _a(Sirsi) u14085 | ||
| 041 | _aeng | ||
| 100 | _aMinton, A. | ||
| 245 | _aMidsummer madness over urban actions | ||
| 260 | _c1994 | ||
| 350 | _a0 | ||
| 490 |
_aPlanning Week _v2(27) 7 July 1994, 14-15(2) |
||
| 520 | _aReports from the City 2020 interim conference and asks whether Labour`s plans for urban regeneration have any more substance than the Tories partnership approach. Analyses problems involved in initiating urban policies, suggesting among other things that new and original ideas are needed, with less political bias. | ||
| 650 | _aCENTRE FOR LOCAL ECONOMIC STRATEGIES | ||
| 650 | _aCITY 2020 CONFERENCE | ||
| 650 | _aLABOUR PARTY | ||
| 650 | _aURBAN POLICY | ||
| 690 | _aURBAN RENEWAL | ||
| 942 | _n0 | ||
| 948 | _c04/03/1997 | ||
| 999 |
_c9134 _d9134 |
||